Dobrý deň, samospráva! 2014-2018 príručka pre volených predstaviteľov miest a obcí a pre zamestnancov ich úradov

Salvato in:
Dettagli Bibliografici
Autore principale: Bujňáková, Marta
Natura: Libro
Lingua:slovacco
Pubblicazione: Bratislava Združenie miest a obcí Slovenska 2015
Soggetti:
Tags: Aggiungi Tag
Nessun Tag, puoi essere il primo ad aggiungerne!!

MARC

LEADER 00000nam a2200000 4500
001 0211824
005 20230228070908.4
020 |a 978-80-967304-8-3 
041 0 |a slo 
044 |a SK 
245 1 0 |a Dobrý deň, samospráva! 2014-2018  |b príručka pre volených predstaviteľov miest a obcí a pre zamestnancov ich úradov  |c Marta Bujňáková ... [et al.] 
264 1 |a Bratislava  |b Združenie miest a obcí Slovenska  |c 2015 
300 |a 145 s. 
610 2 0 |a správa verejná 
610 2 0 |a mestá 
610 2 0 |a obce 
610 2 0 |a samospráva miestna 
610 2 0 |a samospráva regionálna 
610 2 0 |a orgány štátne 
610 2 0 |a ústava 
610 2 0 |a zákony 
610 2 0 |a komentáre 
610 2 0 |a Slovensko 
610 2 0 |a Európska únia 
610 2 0 |a 2014-2020 
100 1 |a Bujňáková, Marta